000 00605nam a2200241Ia 4500
003 OSt
005 20221005122244.0
006 a|||||r|||| 00| 0
007 ta
008 221004b |||||||| |||| 00| 0 eng d
024 _a42150
037 _cTextual
040 _aCRL
_cCRL
_beng
041 _2eng
_aeng
082 _aO121v, F7
100 _aGardner Edmund G
_9631727
245 0 _aItalian literature
260 _c1927
490 _aBenn's sixpenny library; 53
650 _aENGLISH LITERATURE
942 _hO121v, F7
_cTEXL
_2cc
999 _c1043758
_d1043758